The profile of teachers and the problems encountered in teaching agriculture in the public elementary and secondary schools of Dumaguete City / (Record no. 6255)

MARC details
000 -LEADER
fixed length control field 02439nam a22003737a 4500
003 - CONTROL NUMBER IDENTIFIER
control field OSt
005 - DATE AND TIME OF LATEST TRANSACTION
control field 20260604091600.0
008 - FIXED-LENGTH DATA ELEMENTS--GENERAL INFORMATION
fixed length control field 260604b |||||||| |||| 00| 0 eng d
040 ## - CATALOGING SOURCE
Transcribing agency Foundation University
Original cataloging agency Foundation University
Language of cataloging eng
Modifying agency Foundation University
050 ## - LIBRARY OF CONGRESS CALL NUMBER
Classification number GS (MAEDAdSup-Th) LG 221 D35 G73
Item number A6 E38 A36 1988 V55
100 ## - MAIN ENTRY--PERSONAL NAME
Personal name Villamor, George M.,
9 (RLIN) 7977
Relator term author.
245 ## - TITLE STATEMENT
Title The profile of teachers and the problems encountered in teaching agriculture in the public elementary and secondary schools of Dumaguete City /
Statement of responsibility, etc. by George M. Villamor.
260 ## - PUBLICATION, DISTRIBUTION, ETC.
Place of publication, distribution, etc. Dumaguete City :
Name of publisher, distributor, etc. Foundation University ,
Date of publication, distribution, etc. 1988.
264 ## - PRODUCTION, PUBLICATION, DISTRIBUTION, MANUFACTURE, AND COPYRIGHT NOTICE
Copyright Date 1988.
300 ## - PHYSICAL DESCRIPTION
Extent xix, 152 leaves :
Other physical details illustrations ;
Dimensions 28 cm.
Materials specified thesis
Type of unit leaves
336 ## - CONTENT TYPE
Materials specified rdacontent
Content type term text
Content type code txt
337 ## - MEDIA TYPE
Materials specified rdamedia
Media type term unmediated
Media type code n
338 ## - CARRIER TYPE
Source rdacarrier
Materials specified GS-MAEDAdSup-Th
Carrier type term volume
Carrier type code nc
490 ## - SERIES STATEMENT
Series statement GS-MAEDAdSup-Th
502 ## - DISSERTATION, THESIS NOTE
Linkage Graduate thesis (Master of Arts in Education Major in Administration and Supervision) - - Foundation University, 1988.
504 ## - BIBLIOGRAPHY, ETC. NOTE
Bibliography, etc. note Includes bibliographical references and appendices.
520 ## - ABSTRACT.
Abstract This study determined the profile of agriculture teachers and identified the problems encountered in teaching agriculture in the public elementary and secondary schools of Dumaguete City. It examined teacher characteristics, professional preparation, teaching experience, instructional practices, and challenges affecting the effective delivery of agriculture education. The findings served as a basis for recommendations to improve agriculture instruction in the schools.
650 ## - SUBJECT ADDED ENTRY--TOPICAL TERM
Topical term or geographic name entry element Agricultural education
9 (RLIN) 17138
Geographic subdivision Philippines
-- Dumaguete City.
650 ## - SUBJECT ADDED ENTRY--TOPICAL TERM
Topical term or geographic name entry element Agriculture
9 (RLIN) 17139
General subdivision Study and teaching
Geographic subdivision Philippines
650 ## - SUBJECT ADDED ENTRY--TOPICAL TERM
Topical term or geographic name entry element Teachers
Geographic subdivision Philippines.
-- Dumaguete City.
9 (RLIN) 17140
650 ## - SUBJECT ADDED ENTRY--TOPICAL TERM
Topical term or geographic name entry element Elementary school teachers
Geographic subdivision Philippines.
9 (RLIN) 17141
650 ## - SUBJECT ADDED ENTRY--TOPICAL TERM
Topical term or geographic name entry element High school teachers
Geographic subdivision Philippines.
9 (RLIN) 17142
650 ## - SUBJECT ADDED ENTRY--TOPICAL TERM
Topical term or geographic name entry element Education, Rural
Geographic subdivision Philippines.
9 (RLIN) 17143
650 ## - SUBJECT ADDED ENTRY--TOPICAL TERM
Topical term or geographic name entry element Vocational education
Geographic subdivision Philippines.
9 (RLIN) 17136
658 ## - INDEX TERM--CURRICULUM OBJECTIVE
Main curriculum objective Thesis Writing 2 (Pre/Final Oral Defense :
Subordinate curriculum objective Administration and Supervision, Master of Arts in Education ;
Curriculum code MA 101
710 ## - ADDED ENTRY--CORPORATE NAME
Corporate name or jurisdiction name as entry element Foundation University (Dumaguete City).
Subordinate unit Graduate School,
Relator term degree granting institution.
9 (RLIN) 12576
900 #0 - CIA (Compiler, Indexer, Abstractor)
Relator code Sapalaran, James O., cataloger
942 ## - ADDED ENTRY ELEMENTS (KOHA)
Source of classification or shelving scheme Library of Congress Classification
Koha item type Thesis
Suppress in OPAC No
Classification part LG 221 D35 G73
Item part A6 E38 A36 1988 V55
Call number prefix GS (MAEDAdSup-Th)
Holdings
Withdrawn status Lost status Source of classification or shelving scheme Damaged status Not for loan Collection code Home library Current library Shelving location Date acquired Source of acquisition Total Checkouts Full call number Barcode Date last seen Price effective from Koha item type Accession Number
    Library of Congress Classification   Room Use Only Non-fiction Foundation University Library Foundation University Library Thesis, Dissertation 06/04/2026 Donated   GS (MAEDAdSup-Th) LG 221 D35 G73 A6 E38 A36 1988 V55 0232026007003006 06/04/2026 06/04/2026 Thesis AdmSp-Th-2026006